Bright young women / Jessica Knoll.
"The book opens on a Saturday night in 1978, hours before a soon-to-be-infamous murderer descends upon a Florida sorority house with deadly results. The lives of those who survive, including sorority president and key witness, Pamela Schumacher, are forever changed. Across the country, Tina Cannon is convinced her missing friend was targeted by the man papers refer to as the All-American Sex Killer--and that he's struck again. Determined to find justice, the two join forces as their search for answers leads to a final, shocking confrontation"-- Provided by publisher..
Record details
- ISBN: 9781501153228
- ISBN: 1501153226
- Physical Description: 376 pages ; 24 cm
- Edition: First Marysue Rucci Books hardcover edition.
- Publisher: New York : Marysue Rucci Books, 2023.
Search for related items by subject
| Genre: | Thrillers (Fiction) Historical fiction. Novels. |
Available copies
- 1 of 1 copy available at scottsboropl.
Holds
- 0 current holds with 1 total copy.
Show Only Available Copies
| Location | Call Number / Copy Notes | Barcode | Shelving Location | Status | Due Date |
|---|---|---|---|---|---|
| scottsboropl | F Kno | 32269001245912 | Adult - Fiction | Available | - |
| LDR | 03509cam a2200757 i 4500 | ||
|---|---|---|---|
| 001 | 162615 | ||
| 003 | SBPL | ||
| 005 | 20240207161417.0 | ||
| 008 | 230907t20232023nyu e 000 1 eng d | ||
| 020 | . | ‡a9781501153228 ‡q(hardcover) | |
| 020 | . | ‡a1501153226 ‡q(hardcover) | |
| 035 | . | ‡a(OCoLC)1396256054 ‡z(OCoLC)1369679843 ‡z(OCoLC)1388535290 ‡z(OCoLC)1392291163 ‡z(OCoLC)1393114558 ‡z(OCoLC)1393266168 | |
| 050 | 1 | 4. | ‡aPS3611.N64 ‡bB75 2023 |
| 082 | 0 | 4. | ‡a813/.6 ‡223/eng/20230904 |
| 100 | 1 | . | ‡aKnoll, Jessica, ‡eauthor. |
| 245 | 1 | 0. | ‡aBright young women / ‡cJessica Knoll. |
| 250 | . | ‡aFirst Marysue Rucci Books hardcover edition. | |
| 264 | 1. | ‡aNew York : ‡bMarysue Rucci Books, ‡c2023. | |
| 300 | . | ‡a376 pages ; ‡c24 cm | |
| 336 | . | ‡atext ‡btxt ‡2rdacontent | |
| 337 | . | ‡aunmediated ‡bn ‡2rdamedia | |
| 338 | . | ‡avolume ‡bnc ‡2rdacarrier | |
| 520 | . | ‡a"The book opens on a Saturday night in 1978, hours before a soon-to-be-infamous murderer descends upon a Florida sorority house with deadly results. The lives of those who survive, including sorority president and key witness, Pamela Schumacher, are forever changed. Across the country, Tina Cannon is convinced her missing friend was targeted by the man papers refer to as the All-American Sex Killer--and that he's struck again. Determined to find justice, the two join forces as their search for answers leads to a final, shocking confrontation"-- ‡cProvided by publisher.. | |
| 600 | 1 | 7. | ‡aBundy, Ted |
| 650 | 0. | ‡aSerial murders ‡vFiction. | |
| 650 | 0. | ‡aCollege sorority members ‡xCrimes against ‡vFiction. | |
| 650 | 0. | ‡aVictims of violent crimes ‡vFiction. | |
| 650 | 0. | ‡aMissing persons ‡vFiction. | |
| 650 | 0. | ‡aJustice ‡vFiction. | |
| 650 | 0. | ‡aHomicide ‡vFiction. ‡2sears | |
| 650 | 0. | ‡aMurderers ‡vFiction. ‡2sears | |
| 651 | 7. | ‡aFlorida ‡vFiction. ‡2sears | |
| 655 | 7. | ‡aThrillers (Fiction) ‡2lcgft | |
| 655 | 7. | ‡aHistorical fiction. ‡2lcgft | |
| 655 | 7. | ‡aNovels. ‡2lcgft | |
| 901 | . | ‡a162615 ‡bAUTOGEN ‡c162615 ‡tbiblio | |